Science Quiz

Random Science Quiz

Rapid Review Step1 Classic Presentations Quiz Stats

 Plays Quiz not verified by Sporcle

Challenge
Share
Tweet
Embed
Score 0/120 Timer 20:00
0 Plays Today
Presentation Diagnosis/Disease % Correct
swollen gums, mucosal bleeding, poor wound healing, spots on skinScurvy
46.9%
butterfly facial rash, raynaud's phenomenon, young femaleSystemic Lupus Erythematosus
42.2%
streak ovaries, gongenital heart disease, horseshoe kidney, cystic hygroma at birth, short stature, webbed neck, lymphedemaTurner's
42.2%
sudden swollen painful big toe joint, tophiGout
42.2%
dermatitis, dementia, diarrhea (death)pellagra
37.5%
elastic skin, hypermobile jointsEhlers-Danlos
37.5%
unilateral facial drooping involving forheadBell's
37.5%
arachynodactyly, lens dislocation, aortic dissection, hyperflexible jointsMarfan's
35.9%
Blue ScleraOsteogenesis Imperfecta
35.9%
hyperreflexia, hypertonia, babinski positiveUMN
35.9%
'worst headache of my life' thunderclap headachesubarachnoid hemorrhage
35.9%
chorea, dementia, degeneration of caudate nucleusHuntington's
34.4%
ptosis, miosis, anhidrosisHorner's syndrome
34.4%
resting tremor, rigidity, akinesia, postural instability, mask faciesParkinsons
34.4%
systolic crescendo decrescendo ejection murmuraortic stenosis
34.4%
Cold intolerancehypothyroidism
32.8%
painful, pale cold fingers/toesRaynaud's
32.8%
bounding pulses, diastolic murmur, head bobbingAortic Regurgitation
31.3%
chest pain on exertionangina
31.3%
dysphagia (esophageal webs), glossitis, iron deficiency anemiaPlummer-Vinson
31.3%
lucid interval after traumatic brain injuryepidural hematoma
31.3%
male child, recurrent bacterial infections, no mature B cellsBruton's
31.3%
nystagmus, intention tremor, scanning speech, bilateral INOMS
31.3%
situs inversus, chronic sinusitis, bronchiectasis, infertilityKartagener's
31.3%
continuous machinery heart murmurPDA
29.7%
gout, MR, self-mutilationLesch-Nyhan
29.7%
chest pain, pericardial effusion/friction rub, persistent fever POST MI 1-2 weeksDressler's
28.1%
hereditary nephritis, sensorineural hearing loss, cataractsalport
28.1%
hyperphagia, hypersexualtiy, hyperorality, hyperdocilityKluver-Bucy
28.1%
Infant with microcephaly, rocker-bottom feet, clenched hands, structural heart defectEdward's
28.1%
pancreatic, pituitary, parathyroid tumorsMEN 1
28.1%
positive anterior drawer signACL tear
28.1%
Urethritis, conjunctivitis, arthritis in a malereactive arthritis
28.1%
Achilles tendon xanthomafamilial hypercholesterolemia
26.6%
Calf PseudohypertrophyDMD
26.6%
Cherry Red Spot on maculaTay Sachs
26.6%
Cough, Coryza, Conjunctivitis, fever, diffuse rashMeasles
26.6%
pruritic purple polygonal planar papules and plaquesLichen Planus
26.6%
bilateral Renal Cell Carcinoma, hemangioblastomas, angiomatosis, pheochromocytomavon-Hippel-Lindau
26.6%
swollen, hard painful finger jointsosteoarthritis
26.6%
Presentation Diagnosis/Disease % Correct
bilateral hilar adenopathy, uveitisSarcoidosis
25%
café-au-lait spots, lisch nodules (iris hamartomas)Neurofibromatosis
25%
dog/cat bite leading to infectionpasteurella
25%
Neonate, arm paralysis following difficult birthErb
25%
fever greater than 5 days, strawberry tongue, cervical LAD, nonexudative conjunctivitis, sterile pyuriaKawasaki
25%
thyroid and parathyroid tumors, pheoMEN2A
25%
back pain, fever, night sweats, weight lossPott's
23.4%
muffled heart sounds, distended neck veins, hypotensionCardiac Tamponade
23.4%
strawberry tonguescarlet fever
23.4%
thyroid tumors, pheochromocytoma, ganglioneuromatosisMEN2B
23.4%
abdominal pain, ascites, hepatomegalyBudd-Chiari
21.9%
Dilated cardiomyopathy, edema, alcohol/malnutritionwet beriberi
21.9%
Female, fat, forty, fertilecholelithiasis
21.9%
hyporeflexia, hypotonia, atrophy, fasciculationsLMN
21.9%
pink complexion, dyspnea, hyperventilationPink Puffer
21.9%
rapidly progressive ascending leg weakness post GI or upper respiratory infectionGuillain-Barre
21.9%
red currant jelly stool- INFANTintussusception
21.9%
weight loss, diarrhea, arthritis, fever, adenopathyWhipple's
21.9%
facial muscle spasm on tappingChvostek's sign
20.3%
infant with cleft lip/palate, microcephaly, holoprosencephaly, polydactyly, cutis aplasiaPatau's
20.3%
lo lactation postpartum, absent menstruation, cold intoleranceSheehan's
20.3%
periorbital/peripheral edema, proteinuria, hypoalbuminemia, hypercholesterolemianephrotic syndrome
20.3%
slow progressive muscle weakness in boysBecker's
20.3%
Child with fever later gets red rash on face spreads to bodyParvo B19
18.8%
chronic exercise intolerance, with myalgia, fatigue, painful cramps, myoglobinuriaMcardle's
18.8%
elarged, hard left supraclavicular nodevirchow's node
18.8%
fibrous plaques in soft tissue of penisPeyronie's
18.8%
large bulls eye rasherythema chronicum migrans
18.8%
painless, erythematous lesions on palms/solesJaneway lesions
18.8%
small, irregular red spots on buccal/lingual mucosa with blue-white centerskoplik spots
18.8%
cutaneous/dermal edema from connective tissue depositionmyxedema
17.2%
green-yellow rings around peripheral corenaKayser-fleischer rings
17.2%
HSM, osteoporosis, neuro symptomsGaucher's
17.2%
indurated, ulcerated genital lesion: PAINFULChancroid
17.2%
multiple colon polyps, osteomas, soft tisssue tumors, impacted/supernumerary teethGardner's
17.2%
palpable purpura on buttocks/legs, joint pain, abdominal pain (kid), hematuriaHenoch-Schonlein purpura
17.2%
red urine in morning, fragile RBCsParoxysmal nocturnal hemoglobinuria
17.2%
splinter hemorrhages in fingernailsBacterial endocarditis
17.2%
bone pain, bone enlargement, arthritispaget's disease
15.6%
deep labored breathing/hyperventialtionKussmaul Breathing
15.6%
Presentation Diagnosis/Disease % Correct
Painless jaundicepancreatic cancer
15.6%
polyuria, RTA type 2, growth failure, electrolyte imbalances, hypophosphatemic ricketsFanconi's
15.6%
Severe RLQ with reboundMcBurney's
15.6%
café-au-lait spots, polyostotic fibrous dysplasia, precocious puberty, multiple endocrine abnormalitiesMcCune-Albright
14.1%
dark purple skin/mouth nodulesKaposi's sarcoma
14.1%
hamartomatous GI polyps, hyperpigmented mouth/feet/handsPeutz-Jeghers
14.1%
pupil accomodates but doesn't reactargyll robertson pupil
14.1%
rash on palms and solescoxsackie A
14.1%
recurrent colds, unusual eczema, high serum IgEJob's
14.1%
vascular birthmark ('port wine stain')Sturge weber
14.1%
vomitting blood following gastroesophagela lacerationsMallory-Weiss Syndrome
14.1%
Adrenal hemorrhage, hypotension, DICwaterhouse-friderichsen syndrome
12.5%
Infant with FTT, HSM, neurodegenerationNiemann Pick
12.5%
painful blue fingers/toes, hemolytic anemiaCold agglutinin
12.5%
red itchy swollen areola/nipplePaget's disease of the breast
12.5%
child uses arms to stand up from squatGower's Sign
10.9%
hypoxemia, polycythemia, hypercapniaBlue Bloater
10.9%
severe jaundice in neonateCrigler-Najjar
10.9%
Athlete with polycythemiaerythropoietin injection
9.4%
fever, chills, headache, myalgia following antibiotic tx for symphilisJarisch-Herxheimer Reaction
9.4%
indurated, ulcerated genital lesion: NOT PAINFULSyphillis
9.4%
painful red raised lesions on pads of fingers/toesOsler's node
9.4%
buish line on gingivaburton's line
7.8%
infant with hypoglycemia, FTT, hepatomegalyCori's
7.8%
myopathy (infantile hypertrophic cardiomyopathy), exercise intolerancePompe's
7.8%
single palmar creasesimian crease
7.8%
erythroderma, Lymphadenopathy, HSM, atypical T cellsSezary Syndrome
6.3%
retinal hemorrhages with pale centersroth's spots
6.3%
severe RLQ pain with palpation LLQRosving's
6.3%
smooth, flat, moist, painless white lesions on genitalscondylomata lata
6.3%
oscillating slow/fast breathingCheyne-stokes respiration
4.7%
conjugate lateral gase palsy, horizontal diplopiaInternuclear Opthalmoplegia
3.1%
red currant jelly sputum in alcoholics/diabeticsKlepsiella pneumoniae
3.1%
red currant jelly stool- ADULTAcute mesenteric Ischemia
3.1%
short stature, increased tumors/leukemias, aplastic anemiaFanconi's anemia
3.1%
skin hyperpigmentation, hypotension, fatigueddison's
3.1%
Fever, night sweats, weight lossSystemic Lymphoma
1.6%
mucosal bleeding, prolonged bleeding timeglansmann's thrombasthenia
1.6%
Jaundice, palpable distended but nontender gallbladderCourvoisier's sign
0%
0%

You're not logged in!

Compare scores with friends on all Sporcle quizzes.
Join for Free
OR
Log In

You Might Also Like...

Show Comments

Extras

Created Feb 15, 2014ReportNominate
Tags:Medical School, usmle

Top Quizzes Today


Score Distribution

Your Account Isn't Verified!

In order to create a playlist on Sporcle, you need to verify the email address you used during registration. Go to your Sporcle Settings to finish the process.

Report this User

Report this user for behavior that violates our Community Guidelines.

Details: